Учёные по их научным открытиям - Statistics

General Stats
  • This quiz has been taken 20 times
  • The average score is 8 of 20
Answer Stats
Открытие Учёный % Correct
Объёмы тела, погружённого в жидкость, и самой вытесненной им жидкости одинаковы Архимед
89%
Равнодействующая всех сил, действующих на тело, равна произведению его массы и ускорения Исаак Ньютон
89%
Земля вращается вокруг Солнца Николай Коперник
84%
Энергия равна произведению массы и квадрата скорости света Альберт Эйнштейн
84%
Квадрат гипотенузы прямоугольного треугольника равен сумме квадратов его катетов Пифагор
74%
Предметы падают на Землю с ускорением Галилео Галилей
68%
Развитие живых организмов основано на адаптации к враждебной среде ради выживания особи и её потомства Чарльз Дарвин
68%
В замкнутой электрической цепи сопротивление прямо пропорционально напряжению и обратно пропорционально силе тока Георг Ом
68%
Атмосферное давление распространяется равномерно Блез Паскаль
53%
В мире существует незримое излучение, способное менять живые организмы на молекулярном уровне Анри Беккерель / Пьер Кюри / Мария Склодовская-Кюри
47%
Заряженные частицы в электромагнитном поле выстраиваются в определённом геометрическом линейном порядке Майкл Фарадей
26%
Иммунитет лучше адаптируется к вирусным заболеваниям на основе ныне неактивных вирусов Луи Пастер
21%
Сила действия равна силе противодействия Роберт Гук
16%
ДНК имеет структуру двойной спирали связанных пар генов Джеймс Уотсон / Фрэнсис Крик
11%
Каждому гену соответствует определённый набор биологических характеристик организма Грегор Мендель
11%
Наблюдая за одними характеристиками частиц при элементарном из взаимодействии, мы всегда упускаем некоторые другие Вернер Гейзенберг
5%
Элементарная частица не может находиться одновременно в двух квантовых состояниях Вольфганг Паули
5%
Небесное тело при движении вокруг более массивного относительно него центра совершает равное перемещение за равные промежутки времени Иоганн Кеплер
5%
Галактики формируются возле определённых центров масс и удаляются друг от друга, расширяя материю вселенной Алан Гут
0%
Сила тяготения между двумя предметами обратно зависит от квадрата расстояния между центрами их масс и прямо зависит от произведения этих масс и гравитационной постоянной Генри Кавендиш
0%
No matching quizzes found
Score Distribution
Percent of People with Each Score
Percentile by Number Answered
Your Score History
You have not taken this quiz